[Event "AUTO-INT-2835"]
[Site "http://www.queenalice.com/game.php?id=1271511"]
[Date "2014.4.9"]
[Round "1"]
[White "EduardoObjetivo"]
[Black "whitecoat"]
[Result "0-1"]
[WhiteElo "1550"]
[BlackElo "1747"]

1. e4 e6 2. f4 Nf6 3. e5 Nd5 4. d4 c5 5. c4 Nb6 6. d5 d6 7. Nc3 a6 8. Nf3 Be7 9.
Be3 O-O 10. Bd3 Bd7 11. O-O f6 12. dxe6 Bxe6 13. Nd5 Nxd5 14. Bxh7+ Kxh7 0-1

[Event "AUTO-INT-2835"]
[Site "http://www.queenalice.com/game.php?id=1271512"]
[Date "2014.4.9"]
[Round "1"]
[White "whitecoat"]
[Black "DAN1958"]
[Result "1-0"]
[WhiteElo "1719"]
[BlackElo "1431"]

1. e4 e5 2. Nf3 d6 3. Bc4 h6 4. d4 Nd7 5. dxe5 Nxe5 6. Nxe5 dxe5 7. Qxd8+ Kxd8
8. Bxf7 Nf6 9. Nc3 Ke7 10. Bb3 c6 11. O-O Bd7 12. Be3 b5 13. Bc5+ Kd8 14. Bxf8
Rxf8 15. Rad1 Kc8 16. f4 exf4 17. Rxf4 Re8 18. Re1 Re5 19. Nd1 g5 20. Rxf6 Kc7
21. Rxh6 Rf8 22. Rh7 Kd8 23. Nf2 Kc7 24. Rd1 g4 25. Rdxd7+ Kb6 26. Rb7+ Ka6 27.
Rxa7+ Kb6 28. Rhb7+ Kc5 29. Nd3+ Kd4 30. Nxe5 Kxe5 31. Re7+ Kd6 32. e5+ Kc5 33.
Rf7 Rxf7 34. Rxf7 Kd4 35. e6 Ke3 36. e7 Kd2 37. e8=Q Kc1 38. Qe5 Kd2 39. Rd7+
Kc1 40. c3 Kxb2 41. c4+ Ka3 42. cxb5 g3 43. Qc5+ Kb2 44. Rd2+ Kb1 45. Qc2+ Ka1
46. Qb2# 1-0

[Event "AUTO-INT-2835"]
[Site "http://www.queenalice.com/game.php?id=1271513"]
[Date "2014.4.9"]
[Round "1"]
[White "DAN1958"]
[Black "whitecoat"]
[Result "0-1"]
[WhiteElo "1501"]
[BlackElo "1802"]

1. e4 e6 2. e5 Nc6 3. f4 d5 4. d4 Nge7 5. c3 Nf5 6. b4 a6 7. a3 b5 8. g4 Nh4 9.
g5 Nf5 10. Bd3 Nfe7 11. Nf3 g6 12. Nbd2 Bg7 13. h4 Bb7 14. Nb3 O-O 15. Nc5 Rb8
16. Be3 Re8 17. Qb3 Bf8 18. Kd2 Nc8 19. Bc2 Bxc5 20. bxc5 Na5 21. Qb1 Nc4+ 22.
Ke2 Nxe3 23. Kxe3 Ne7 24. Bd3 c6 25. Qb3 a5 26. Rab1 Ba6 27. Rh2 Qc8 28. h5 Rf8
29. h6 Nf5+ 30. Kf2 Re8 31. Bxf5 exf5 32. Nh4 Qd8 33. Nf3 a4 34. Qb2 Qa5 35. Kg3
Rb7 36. Re2 Rbe7 37. Re3 Qc7 38. Qb4 Re6 39. Qb2 Kf8 40. Rc1 Qa5 41. Rb1 Ke7 42.
Kf2 Kf8 43. Ke2 b4+ 44. Kf2 bxa3 45. Qxa3 Rc8 46. Rb4 Bb5 47. Nd2 Ra8 48. Kf3
Ra7 49. Re1 Rb7 50. Reb1 Re8 51. Nb3 Qa6 52. Nd2 Be2+ 53. Ke3 Qd3+ 54. Kf2 Qxd2
55. Rxb7 Ba6+ 56. Kg1 Bxb7 57. Qxa4 Bc8 58. Qxc6 Qe3+ 59. Kh2 Qxf4+ 60. Kg1
Qxg5+ 0-1

[Event "AUTO-ADV-3121"]
[Site "http://www.queenalice.com/game.php?id=1271621"]
[Date "2014.4.9"]
[Round "1"]
[White "gingalmesh"]
[Black "whitecoat"]
[Result "0-1"]
[WhiteElo "1842"]
[BlackElo "1694"]

1. e4 e6 2. Bc4 d5 3. exd5 exd5 4. Bb3 Nf6 5. h3 Be7 6. Nf3 c5 7. d3 Nc6 8. c3
Na5 9. O-O Nxb3 10. axb3 O-O 11. Qc2 Bf5 12. Nh4 Be6 13. d4 cxd4 14. cxd4 Ne4
15. Nf3 Qc8 16. Qxc8 Rfxc8 17. Nfd2 Bf5 18. f3 Ng3 19. Rf2 Bh4 20. Nc3 Re8 21.
Nf1 Re1 22. Nxd5 Bd3 23. Ne3 Ne2+ 24. Rxe2 Bxe2 25. b4 Re8 26. Kh2 Bxf1 27. Nxf1
Rxf1 28. b3 Ree1 0-1

[Event "AUTO-ADV-3121"]
[Site "http://www.queenalice.com/game.php?id=1271622"]
[Date "2014.4.9"]
[Round "1"]
[White "whitecoat"]
[Black "gingalmesh"]
[Result "0-1"]
[WhiteElo "1719"]
[BlackElo "1816"]

1. e4 e5 2. Nf3 d6 3. Bc4 Bg4 4. h3 Bh5 5. Nc3 c6 6. Bb3 a5 7. d3 b5 8. a3 Nf6
9. Bg5 Be7 10. Bxf6 Bxf6 11. g4 Bg6 12. Qe2 O-O 13. O-O-O b4 14. Nb1 a4 15. Ba2
b3 16. cxb3 axb3 17. Bxb3 Na6 18. Nc3 Bg5+ 19. Kb1 Nc5 20. Ba2 Bf4 21. Qc2 Qd7
22. Ne2 Rfb8 23. Nxf4 exf4 24. Rhe1 Rxa3 25. Qc4 Na4 26. Rd2 Nc3+ 27. Kc2 Rxa2
28. Qxc3 Qb7 29. Rb1 d5 30. exd5 cxd5 31. h4 Rc8 32. Qxc8+ Qxc8+ 33. Kd1 Qa6 34.
Ne5 Ra1 35. Rxa1 Qxa1+ 36. Ke2 f6 37. Nxg6 hxg6 38. Kf3 Qc1 39. Re2 g5 40. hxg5
fxg5 41. Re5 Qh1+ 42. Ke2 d4 43. Rxg5 f3+ 44. Kd2 Qh6 0-1

[Event "AUTO-ADV-3121"]
[Site "http://www.queenalice.com/game.php?id=1271635"]
[Date "2014.4.9"]
[Round "1"]
[White "gomestrovao"]
[Black "whitecoat"]
[Result "1-0"]
[WhiteElo "1856"]
[BlackElo "1727"]

1. e4 e6 2. d4 d5 3. e5 c5 4. Be3 cxd4 5. Bxd4 Nc6 6. Bb5 Bd7 7. Bxc6 bxc6 8.
Nf3 c5 9. Be3 Qc7 10. c3 Ne7 11. Nfd2 Nc6 12. f4 d4 13. Bf2 dxc3 14. Nxc3 Nd4
15. Bxd4 cxd4 16. Nce4 Bb4 17. O-O Bb5 18. Rf3 O-O 19. Rc1 Qb6 20. Kh1 Rfd8 21.
Rb3 Bxd2 22. Qxd2 Qa6 23. Rb4 d3 24. Nc5 Qxa2 25. Rxb5 Qd5 26. Rd1 Rac8 27. b4
Rd6 28. exd6 1-0

[Event "AUTO-ADV-3121"]
[Site "http://www.queenalice.com/game.php?id=1271636"]
[Date "2014.4.9"]
[Round "1"]
[White "whitecoat"]
[Black "gomestrovao"]
[Result "0-1"]
[WhiteElo "1739"]
[BlackElo "1844"]

1. e4 e5 2. Nf3 Nc6 3. Bc4 h6 4. d4 Bd6 5. dxe5 Nxe5 6. Nxe5 Bxe5 7. Qh5 Qe7 8.
Na3 Nf6 9. Bxf7+ Qxf7 10. Qxe5+ Qe6 11. Qxe6+ dxe6 12. f3 O-O 13. Bf4 c6 14.
O-O-O b5 15. Rd6 b4 16. Nc4 c5 17. Rc6 Nd7 18. Rxe6 Rxf4 19. Re8+ Rf8 20. Rxf8+
Kxf8 21. Nd6 Ba6 22. Rd1 Ne5 23. Rd5 Rd8 24. Rxe5 Rxd6 25. Rxc5 Be2 26. Rc8+ Ke7
27. e5 Rd1# 0-1

[Event "AUTO-ADV-3121"]
[Site "http://www.queenalice.com/game.php?id=1271645"]
[Date "2014.4.9"]
[Round "1"]
[White "whitecoat"]
[Black "jcso"]
[Result "0-1"]
[WhiteElo "1682"]
[BlackElo "1794"]

1. e4 e5 2. Nf3 Nf6 3. Nc3 Bb4 4. Bc4 Bxc3 5. dxc3 d6 6. Ng5 O-O 7. Nxf7 Rxf7 8.
Bxf7+ Kxf7 9. Bg5 Kg8 10. Qf3 Nbd7 11. O-O-O h6 12. Bh4 Qf8 13. g4 g5 14. Bxg5
hxg5 15. h4 Nc5 16. hxg5 Bxg4 17. Qxf6 Qxf6 18. gxf6 Bxd1 19. Kxd1 Nxe4 20. Ke2
Nxf6 21. Rh6 Rf8 22. c4 c5 23. a4 Kg7 24. Rh3 e4 25. a5 d5 26. cxd5 Nxd5 27. Ra3
Rf6 28. Ra4 Rf4 29. c4 Nb4 30. Ke3 Rh4 31. f3 Nc2+ 32. Kd2 Rh2+ 0-1

[Event "AUTO-ADV-3121"]
[Site "http://www.queenalice.com/game.php?id=1271646"]
[Date "2014.4.9"]
[Round "1"]
[White "jcso"]
[Black "whitecoat"]
[Result "1-0"]
[WhiteElo "1782"]
[BlackElo "1693"]

1. c4 c5 2. e4 Nc6 3. Nf3 e5 4. Nc3 d6 5. Be2 Bg4 6. h3 Bxf3 7. Bxf3 Nd4 8. O-O
Nf6 9. d3 h6 10. Be3 Nxf3+ 11. Qxf3 Be7 12. b3 a6 13. Rae1 Qa5 14. Bd2 Qc7 15.
Nd5 Nxd5 16. exd5 Qd8 17. Re4 Bg5 18. Be3 Bxe3 19. Qxe3 O-O 20. f4 f6 21. f5 Qa5
22. a4 Qc3 23. Rg4 Qxb3 24. Qxh6 Rf7 25. Rf3 Rc8 26. Rfg3 Rcc7 27. Rh4 Qd1+ 28.
Kh2 Kf8 29. Qh8+ Ke7 30. Rxg7 1-0

[Event "AUTO-INT-2839"]
[Site "http://www.queenalice.com/game.php?id=1273634"]
[Date "2014.4.16"]
[Round "1"]
[White "Jomaley"]
[Black "whitecoat"]
[Result "1-0"]
[WhiteElo "1404"]
[BlackElo "1740"]

1. Nf3 d5 2. d4 c5 3. Be3 cxd4 4. Nxd4 e5 5. Nf3 Nc6 6. c3 Bg4 7. h3 Bxf3 8.
exf3 Nf6 9. Bb5 Qc7 10. a4 a6 11. Bxc6+ Qxc6 12. O-O Be7 13. a5 O-O 14. g4 Rfe8
15. g5 Nh5 16. h4 Rad8 17. Qd3 b5 18. axb6 Qb5 19. Qf5 g6 20. Qxe5 Qxb2 21. Rxa6
Bd6 22. Qd4 Be5 23. Qd2 Bxc3 24. Nxc3 Qb4 25. Na4 Qxd2 26. Bxd2 d4 27. b7 Ng7
28. f4 Ne6 29. Rc1 Rb8 30. Ra7 Kg7 31. Rc6 Re7 32. Rb6 Nd8 33. Nc5 f6 34. gxf6+
1-0

[Event "AUTO-INT-2839"]
[Site "http://www.queenalice.com/game.php?id=1273635"]
[Date "2014.4.16"]
[Round "1"]
[White "whitecoat"]
[Black "Jomaley"]
[Result "1-0"]
[WhiteElo "1714"]
[BlackElo "1433"]

1. e4 e5 2. Nf3 Qf6 3. d4 Bd6 4. Bg5 Qe6 5. dxe5 Bxe5 6. c3 f6 7. Be3 b6 8. Nbd2
d5 9. exd5 Qxd5 10. Bc4 Qd6 11. Ne4 Qxd1+ 12. Rxd1 Nd7 13. O-O a6 14. Bd4 Bxd4
15. Rxd4 Ne7 16. Rfd1 b5 17. Be6 c5 18. Bxd7+ Bxd7 19. Rxd7 b4 20. Nxc5 bxc3 21.
bxc3 Rc8 22. Re1 O-O 23. Rexe7 Rxc5 24. Rxg7+ Kh8 25. Rxh7+ Kg8 26. Rdg7# 1-0

[Event "AUTO-INT-2839"]
[Site "http://www.queenalice.com/game.php?id=1273640"]
[Date "2014.4.16"]
[Round "1"]
[White "kudd"]
[Black "whitecoat"]
[Result "1-0"]
[WhiteElo "1585"]
[BlackElo "1707"]

1. e4 e6 2. d4 d5 3. e5 c5 4. dxc5 Nc6 5. Nf3 Bxc5 6. a3 Qc7 7. Bf4 Nge7 8. Be2
Ng6 9. Qd2 Ngxe5 10. Bxe5 Nxe5 11. Nxe5 Qxe5 12. O-O Qxb2 13. Nc3 Qb4 14. axb4
1-0

[Event "AUTO-INT-2839"]
[Site "http://www.queenalice.com/game.php?id=1273641"]
[Date "2014.4.16"]
[Round "1"]
[White "whitecoat"]
[Black "kudd"]
[Result "0-1"]
[WhiteElo "1731"]
[BlackElo "1606"]

1. e4 e5 2. Nf3 d6 3. d4 exd4 4. Nxd4 a6 5. Nc3 c5 6. Nf3 h6 7. Nd5 Nf6 8. Bd3
Be6 9. c4 Be7 10. O-O Bxd5 11. exd5 Qd7 12. Re1 b5 13. b3 b4 14. Bf4 Nh5 15. Bg3
O-O 16. Qe2 Bf6 17. Rac1 a5 18. Nd2 Nxg3 19. hxg3 Bc3 20. Red1 Re8 21. Qh5 Qd8
22. Ne4 Re5 23. Qg4 Bd4 24. Qh4 Qe8 25. Nxd6 Qd7 26. Nb5 a4 27. Nxd4 cxd4 28.
Qxd4 Qd6 29. Re1 Nd7 30. f4 Rxe1+ 31. Rxe1 Nf6 32. Qe5 Qc5+ 33. Qe3 Qd6 34. Kf2
Ng4+ 0-1

[Event "AUTO-INT-2835"]
[Site "http://www.queenalice.com/game.php?id=1303684"]
[Date "2014.8.23"]
[Round "2"]
[White "whitecoat"]
[Black "daniel0176"]
[Result "0-1"]
[WhiteElo "1785"]
[BlackElo "1655"]

1. e4 d5 2. Nc3 dxe4 3. Nxe4 a6 4. d4 Bf5 5. Bd3 e6 6. Nf3 h6 7. O-O Bb4 8. c3
Ba5 9. Qa4+ Nc6 10. Nc5 Bxd3 11. Nxd3 Ne7 12. Be3 O-O 13. Rfe1 b5 14. Qc2 b4 15.
cxb4 Bxb4 16. Nxb4 Nxb4 17. Qd2 Ned5 18. a3 Nc6 19. Rac1 Qd7 20. Rc5 Nf6 21.
Bxh6 Nh5 22. Rxh5 f5 23. Qg5 Rf7 24. Rc1 Qe7 25. Rxc6 Qxg5 26. Rxg5 Kh7 27.
Rxg7+ Rxg7 28. Bxg7 Kxg7 29. Rxe6 Kf7 30. Ng5+ Kf8 31. Rf6+ Kg7 32. Rxf5 Re8 33.
Re5 Rb8 34. b4 a5 35. Rxa5 Re8 36. Kf1 Kg6 37. h4 Rd8 38. d5 Rh8 39. Ra6+ Kh5
40. g3 Kg4 41. Rc6 Rxh4 42. gxh4 Kxh4 43. Ne6 Kg4 44. Nxc7 Kf4 45. d6 Kg5 46. d7
Kf4 0-1

[Event "AUTO-INT-2835"]
[Site "http://www.queenalice.com/game.php?id=1303685"]
[Date "2014.8.23"]
[Round "2"]
[White "daniel0176"]
[Black "whitecoat"]
[Result "0-1"]
[WhiteElo "1715"]
[BlackElo "1806"]

1. e4 e6 2. d4 d5 3. Bd3 c5 4. Nf3 cxd4 5. Nxd4 Nc6 6. Bb5 Bd7 7. Bxc6 bxc6 8.
O-O Bc5 9. exd5 cxd5 10. Nf3 Nf6 11. Bg5 h6 12. Bxf6 Qxf6 13. Nc3 Rb8 14. b3
Qxc3 15. Re1 O-O 16. Ne5 Rbd8 17. a3 Bd4 18. Nf3 Bf6 19. Re3 Qxa1 20. Qxa1 Bxa1
21. h3 Rc8 0-1

[Event "AUTO-INT-2830"]
[Site "http://www.queenalice.com/game.php?id=1328707"]
[Date "2014.12.17"]
[Round "2"]
[White "whitecoat"]
[Black "SunKite"]
[Result "0-1"]
[WhiteElo "1829"]
[BlackElo "1666"]

1. e4 e5 2. Nf3 Qf6 3. Bc4 a6 4. d4 exd4 5. Nxd4 b5 6. Bb3 Bc5 7. c3 b4 8. Nf3
h6 9. O-O g5 10. e5 Qf5 0-1